Statistics for Ariana Grande & The Weeknd - love me harder (lyrics)

Click here to take the quiz!

General Stats

  • This quiz has been taken 484 times
  • The average score is 308 of 347

Answer Stats

Love Me Harder% Correct
me
100%
go
98%
I
98%
love
98%
Love
98%
to
98%
a
97%
Harder
97%
harder
97%
You
97%
you
97%
And
96%
and
96%
if
96%
If
96%
need
95%
got
94%
Got
94%
BridgeSo
94%
know
93%
gotta
92%
it
92%
The
92%
the
92%
your
91%
my
90%
real
90%
take
90%
really
89%
something
89%
Something
89%
Verse 1Tell
89%
When
89%
want
88%
in
86%
let
86%
lip
85%
never
84%
bite
82%
pain
82%
with
82%
breath
81%
moment
81%
Then
81%
this
81%
I'll
80%
ChorusCause
79%
keep
79%
just
78%
pleasure
78%
that
78%
leave
75%
Can
74%
feel
74%
it's
74%
mine
74%
space
73%
Baby
72%
is
72%
first
70%
invade
70%
like
70%
time
70%
behind
69%
hips?
67%
make
67%
between
66%
Give
66%
about
64%
believe
64%
do
64%
reason
64%
stay
64%
pressure
63%
what
63%
ones
62%
choose
61%
tend
61%
try
61%
bigger
60%
you'll
60%
again
59%
can't
59%
I'm
59%
motives
59%
out?
59%
figure
58%
get
57%
than
55%
gonna
52%
us
50%
bliss
49%
moaning
44%
beyond
41%

Score Distribution

Percentile by Number Answered

Percent of People with Each Score

Your Score History

You have not taken this quiz